Woodall's favorite recipes from America's campgrounds / (Запис № 567651)
[ простий вигляд ]
| 000 -LEADER | |
|---|---|
| fixed length control field | 01447nam a2200337 a 4500 |
| 001 - CONTROL NUMBER | |
| control field | woodallsfavorite00emer |
| 003 - CONTROL NUMBER IDENTIFIER | |
| control field | CaSfIA |
| 005 - DATE AND TIME OF LATEST TRANSACTION | |
| control field | 20210119123709.0 |
| 007 - PHYSICAL DESCRIPTION FIXED FIELD--GENERAL INFORMATION | |
| fixed length control field | cr|||| |
| 008 - FIXED-LENGTH DATA ELEMENTS--GENERAL INFORMATION | |
| fixed length control field | 890927s1989 ilua 000 0 eng |
| 010 ## - LIBRARY OF CONGRESS CONTROL NUMBER | |
| LC control number | 89189801 |
| 040 ## - CATALOGING SOURCE | |
| Original cataloging agency | DLC |
| Transcribing agency | DLC |
| Modifying agency | BTCTA |
| -- | YDXCP |
| -- | CaSfIA |
| 020 ## - INTERNATIONAL STANDARD BOOK NUMBER | |
| International Standard Book Number | 0671688588 : |
| Terms of availability | $10.95 ($12.50 Can.) |
| 020 ## - INTERNATIONAL STANDARD BOOK NUMBER | |
| International Standard Book Number | 9780671688585 |
| 035 ## - SYSTEM CONTROL NUMBER | |
| System control number | (OCoLC)20212183 |
| 050 00 - LIBRARY OF CONGRESS CALL NUMBER | |
| Classification number | TX823 |
| Item number | .W66 1989 |
| 082 00 - DEWEY DECIMAL CLASSIFICATION NUMBER | |
| Classification number | 641.5/782 |
| Edition number | 20 |
| 029 1# - (OCLC) | |
| OCLC library identifier | YDXCP |
| System control number | 525362 |
| 245 00 - TITLE STATEMENT | |
| Title | Woodall's favorite recipes from America's campgrounds / |
| Medium | [electronic resource] |
| Statement of responsibility, etc | edited by Ann Emerson. |
| 260 ## - PUBLICATION, DISTRIBUTION, ETC. (IMPRINT) | |
| Place of publication, distribution, etc | Bannockburn, IL : |
| Name of publisher, distributor, etc | Woodall Pub., |
| Date of publication, distribution, etc | c1989. |
| 300 ## - PHYSICAL DESCRIPTION | |
| Extent | 240 p. : |
| Other physical details | ill. ; |
| Dimensions | 28 cm. |
| 506 ## - RESTRICTIONS ON ACCESS NOTE | |
| Standardized terminology for access restriction | Необхідна авторизація на https://archive.org/ (створення облікового запису безкоштовно) |
| 506 ## - RESTRICTIONS ON ACCESS NOTE | |
| Standardized terminology for access restriction | Необхідна авторизація на https://openlibrary.org/ (створення облікового запису безкоштовно) |
| 650 #0 - SUBJECT ADDED ENTRY--TOPICAL TERM | |
| Topical term or geographic name as entry element | Outdoor cookery. |
| 700 1# - ADDED ENTRY--PERSONAL NAME | |
| Personal name | Emerson, Ann. |
| 710 2# - ADDED ENTRY--CORPORATE NAME | |
| Corporate name or jurisdiction name as entry element | Woodall Publishing Company. |
| 740 01 - ADDED ENTRY--UNCONTROLLED RELATED/ANALYTICAL TITLE | |
| Uncontrolled related/analytical title | Favorite recipes from America's campgrounds. |
| 856 41 - ELECTRONIC LOCATION AND ACCESS | |
| Uniform Resource Identifier | <a href="http://www.archive.org/details/woodallsfavorite00emer">http://www.archive.org/details/woodallsfavorite00emer</a> |
| Public note | Free eBook from the Internet Archive |
| 856 42 - ELECTRONIC LOCATION AND ACCESS | |
| Uniform Resource Identifier | <a href="http://www.openlibrary.org/books/OL1792116M">http://www.openlibrary.org/books/OL1792116M</a> |
| Public note | Additional information and access via Open Library |
| 942 ## - ADDED ENTRY ELEMENTS (KOHA) | |
| Koha item type | ЕКнига |
Немає доступних примірників.